000 01489nam a2200241Ia 4500
999 _c1428
_d1428
003 CoMeUDC
005 20210914190451.0
008 130821s2012 ck gr spa
020 _a9789588757032
040 _aCo-BoUCM
_bspa
_cCo-UdeC
041 0 0 _aspa
082 0 4 _a342.066
_bR616
100 1 _aRivadeneira Bermúdez, Rosember
245 1 0 _aManual de procedimiento administrativo :
_bsegún la ley 1437 de 2011 /
_cRosember Rivadeneira Bermúdez.
260 _aMedellín :
_bLibrería Jurídica Sanchez R.,
_c2012.
300 _a313 p. :
_bbl. y n.,
_c23 cm.
505 _aIntroducción -- Procedimiento administrativo -- Principios que rigen las actuaciones y procedimientos administrativos. Derechos, deberes y prohibiciones de quienes intervienen en los procedimientos administrativos -- Inicio de las actuaciones administrativas -- De las peticiones en interés general y particular -- Procedimiento administrativo común y principal -- Modalidades de petición -- Petición de extensión jurisprudencial a favor de terceros -- Actuación administrativa de oficio -- Decisión administrativa -- Diferencias entre el silencio negativo y el positivo. Publicidad de la decisión administrativa -- Agotamiento de la vía gubernativa -- Conclusión del procedimiento administrativo.
630 _aLey 1437 de 2011
_96541
650 0 4 _aDerecho administrativo
_912695
650 0 0 _aActo administrativo
_91831
650 0 4 _aProcedimiento administrativo
_922330
942 _cBK
_2ddc